00393 2200157 4500245004400000020002200044250001000066100001100076700002100087005001900108260005700127041001400184084001000198300001800208336000900226 aUpacara Batagak Kudo-KudocEci FEhText a978-602-6477-46-0 aCet.1 aEci FE aPawon Art Studio a20240926102805 aJakartabKementerian Pendidikan dan Kebudayaanc2019 aIndonesia a741.5 a49 hlm :cpdf atext